[Event "EU-ch U14"]
[Site "Bratislava"]
[Date "2019.08.04"]
[Round "3"]
[White "Abbasov, Azad"]
[Black "Grzesik, Gracjan"]
[Result "0-1"]
[WhiteElo "1657"]
[BlackElo "2004"]
[PlyCount "72"]
[EventDate "2019.08.02"]
[EventType "swiss"]
[EventRounds "9"]
[EventCountry "SVK"]
[SourceTitle "EXT 2020"]
[Source "ChessBase"]
[SourceDate "2019.10.17"]
[SourceVersion "1"]
[SourceVersionDate "2019.10.17"]
[SourceQuality "1"]

1. d4 Nf6 2. c4 e6 3. Nc3 Bb4 4. e3 c5 5. a3 Bxc3+ 6. bxc3 d6 7. Bd3 Nc6 8. Ne2 e5 9. f3 0-0 10. 0-0 b6 11. e4 Re8 12. Qc2 Qe7 13. Bg5 h6 14. Bh4 g5 15. Bf2 Nh5 16. g4 Nf4 17. Nxf4 gxf4 18. d5 Na5 19. Kh1 Ba6 20. Qe2 f6 21. Rg1 Kf7 22. h4 Qd7 23. h5 Qa4 24. Qf1 Re7 25. Qh3 Bxc4 26. Bxc4 Nxc4 27. g5 fxg5 28. Bh4 Qd7 29. Qg2 Ne3 30. Qh2 gxh4 31. Qxh4 Rg8 32. Rxg8 Kxg8 33. Rg1+ Rg7 34. Rg6 Rxg6 35. hxg6 Kg7 36. Qh5 Qb5 0-1

[Event "EU-ch U12 27th"]
[Site "Mamaia"]
[Date "2017.09.11"]
[Round "6"]
[White "Abbasov, Azad"]
[Black "Kirby, Con"]
[Result "1/2-1/2"]
[WhiteElo "1536"]
[BlackElo "1284"]
[PlyCount "58"]
[EventDate "2017.09.05"]
[EventType "swiss"]
[EventRounds "9"]
[EventCountry "ROU"]
[SourceTitle "CBM 180 Extra"]
[Source "ChessBase"]
[SourceDate "2017.10.06"]
[SourceVersion "1"]
[SourceVersionDate "2017.10.06"]
[SourceQuality "1"]

1. d4 d5 2. c4 e6 3. Nc3 Nf6 4. cxd5 exd5 5. Bg5 Be7 6. e3 c6 7. Bd3 Nbd7 8. Nge2 0-0 9. 0-0 b6 10. f3 h6 11. Bh4 c5 12. Bf2 Bb7 13. b3 Rc8 14. e4 cxd4 15. Bxd4 dxe4 16. Nxe4 Nxe4 17. Bxe4 Bxe4 18. fxe4 Nc5 19. Ng3 Ne6 20. Be3 Rc3 21. Nf5 Bf6 22. Qg4 Rxe3 23. Nxe3 Bxa1 24. Rxa1 Qd4 25. Re1 Ng5 26. Qd1 Rd8 27. Qxd4 Rxd4 28. h4 Ne6 29. Nd5 Rd2 1/2-1/2

[Event "Al Ain Amateur op 4th"]
[Site "Al Ain"]
[Date "2015.12.27"]
[Round "6"]
[White "Abbasov, Azad"]
[Black "Toporov, Yaroslav"]
[Result "0-1"]
[WhiteElo "1688"]
[BlackElo "1630"]
[PlyCount "52"]
[EventDate "2015.12.23"]
[EventType "swiss"]
[EventRounds "9"]
[EventCountry "UAE"]
[SourceTitle "CBM 170 Extra"]
[Source "ChessBase"]
[SourceDate "2016.02.25"]
[SourceVersion "1"]
[SourceVersionDate "2016.02.25"]
[SourceQuality "1"]

1. Nf3 d5 2. d4 Nf6 3. c4 e6 4. e3 Be7 5. Nc3 0-0 6. Bd3 c5 7. 0-0 Nc6 8. b3 cxd4 9. exd4 dxc4 10. bxc4 b6 11. Bb2 Bb7 12. a3 Rc8 13. Ne4 Na5 14. Nxf6+ Bxf6 15. Rc1 Bxf3 16. Qxf3 h6 17. Rfd1 Qe7 18. h3 Rfd8 19. Bb1 Qb7 20. Qd3 g6 21. Qg3 Nxc4 22. Bxg6 fxg6 23. Qxg6+ Qg7 24. Qxg7+ Kxg7 25. Rc2 Nxb2 26. Rxb2 Rxd4 0-1

[Event "Al Ain Amateur op 4th"]
[Site "Al Ain"]
[Date "2015.12.25"]
[Round "3"]
[White "Alur, Varun"]
[Black "Abbasov, Azad"]
[Result "1/2-1/2"]
[WhiteElo "1380"]
[BlackElo "1688"]
[PlyCount "51"]
[EventDate "2015.12.23"]
[EventType "swiss"]
[EventRounds "9"]
[EventCountry "UAE"]
[SourceTitle "CBM 170 Extra"]
[Source "ChessBase"]
[SourceDate "2016.02.25"]
[SourceVersion "1"]
[SourceVersionDate "2016.02.25"]
[SourceQuality "1"]

1. e4 e5 2. Nf3 Nc6 3. Bb5 Nge7 4. 0-0 g6 5. d3 Bg7 6. Be3 0-0 7. Nbd2 a6 8. Bc4 Na5 9. Re1 Nxc4 10. Nxc4 d6 11. h3 Be6 12. Ng5 Bxc4 13. dxc4 c6 14. Qd2 Qc7 15. Rad1 Rad8 16. Qb4 c5 17. Qb3 h6 18. Nf3 f5 19. exf5 gxf5 20. Nh2 Kh8 21. f4 e4 22. g4 Rg8 23. Kf2 Bf6 24. Rg1 Bh4+ 25. Ke2 Bf6 26. Kf2 1/2-1/2

[Event "Al Ain Amateur op 4th"]
[Site "Al Ain"]
[Date "2015.12.24"]
[Round "2"]
[White "Abbasov, Azad"]
[Black "Mohammed, Ahmed Said Al Amri"]
[Result "1-0"]
[WhiteElo "1688"]
[BlackElo "1456"]
[PlyCount "105"]
[EventDate "2015.12.23"]
[EventType "swiss"]
[EventRounds "9"]
[EventCountry "UAE"]
[SourceTitle "CBM 170 Extra"]
[Source "ChessBase"]
[SourceDate "2016.02.25"]
[SourceVersion "1"]
[SourceVersionDate "2016.02.25"]
[SourceQuality "1"]

1. d4 d5 2. c4 e6 3. e3 Nf6 4. Nf3 Be7 5. Nc3 c6 6. Bd3 Nbd7 7. 0-0 0-0 8. e4 dxe4 9. Nxe4 Nxe4 10. Bxe4 Nf6 11. Bc2 c5 12. Qd3 cxd4 13. Bg5 g6 14. Rfd1 Nd7 15. Bh6 Re8 16. Nxd4 Bg5 17. Qh3 Bxh6 18. Qxh6 Qf6 19. Nb5 Qxb2 20. Nc7 Rf8 21. Nxa8 Qxc2 22. Qc1 Qf5 23. Nc7 a6 24. Qa3 Nc5 25. Na8 Bd7 26. Nb6 Bc6 27. Qe3 h5 28. Rac1 Kg7 29. Nd5 Rd8 30. Ne7 Rxd1+ 31. Rxd1 Qe4 32. Qc3+ f6 33. Nxc6 Qxc6 34. Qd4 b6 35. Qd6 Qb7 36. Rb1 Na4 37. c5 Qe4 38. Rd1 bxc5 39. Qxa6 Nc3 40. Rf1 h4 41. Qa7+ Kh6 42. Qxc5 h3 43. Qe3+ Qxe3 44. fxe3 f5 45. Ra1 Na4 46. a3 hxg2 47. Kxg2 g5 48. Rc1 e5 49. Rc4 Nb2 50. Rc5 f4 51. Rxe5 Nd3 52. Re6+ Kh5 53. Rd6 1-0

[Event "Al Ain Amateur op 4th"]
[Site "Al Ain"]
[Date "2015.12.23"]
[Round "1"]
[White "Zayed, Alsedrani"]
[Black "Abbasov, Azad"]
[Result "0-1"]
[WhiteElo "1067"]
[BlackElo "1688"]
[PlyCount "48"]
[EventDate "2015.12.23"]
[EventType "swiss"]
[EventRounds "9"]
[EventCountry "UAE"]
[SourceTitle "CBM 170 Extra"]
[Source "ChessBase"]
[SourceDate "2016.02.25"]
[SourceVersion "1"]
[SourceVersionDate "2016.02.25"]
[SourceQuality "1"]

1. d4 d6 2. Nf3 Nf6 3. e3 g6 4. Bd3 Bg7 5. 0-0 0-0 6. Nc3 Nbd7 7. b3 c6 8. Bb2 e5 9. Ne4 Nxe4 10. Bxe4 d5 11. Bxd5 cxd5 12. dxe5 Nb6 13. Nd2 Bf5 14. f4 Rc8 15. Nf3 Bxc2 16. Qd2 Be4 17. Nd4 Qd7 18. Ba3 Rfe8 19. Bd6 f6 20. Nf3 Rc2 21. Qd4 fxe5 22. Bxe5 Bxe5 23. fxe5 Qg4 24. Qd1 Qxg2# 0-1